000 01830nam a2200469 i 4500
001 54980
003 KOSZ 005
005 20200724110755.0
008 030911s2003 pl a |000 0 pol
020 _a838626487x
035 _a991021552359705066
035 _a(PL-WaBN)b15827057-48omnis_nlop
035 _ab15827057
035 _a(OCoLC)749590193
035 _a(PL)b0000001582705
035 _a(EXLNZ-48OMNIS_NETWORK)9910263121605606
040 _aWA N
_cWA N
_dKOSZ 005/HR
046 _k2003
080 _a637.1
080 _a006.3/.8(4-67)
100 1 _aWoyke, Witold
_eAutor
245 1 0 _aModernizacja i atestacja dojarek mechanicznych w świetle wymagań norm UE /
_cWitold Woyke, Stefan Pawlak ; Instytut Budownictwa, Mechanizacji i Elektryfikacji Rolnictwa w Warszawie ; [oprac. Zakład Mechanizacji Produkcji w Budynkach Inwentarskich Oddział w Poznaniu ; oprac. red. Elżbieta Bień].
260 _aWarszawa :
_bIBMiER,
_c2003.
300 _a20 s. :
_brys. ;
_c29 cm.
336 _2rdacontent
_aTekst
_btxt
337 _2rdamedia
_aBez urządzenia pośredniczącego
_bn
338 _2rdacarrier
_aWolumin
_bnc
380 _aDruki ulotne
388 _a2001-
610 1 _aUnia Europejska (UE)
650 7 _aDojarka mechaniczna
_2DBN
650 7 _aNormalizacja
651 7 _aPolska
658 _aRolnictwo i leśnictwo
700 1 _aPawlak, Stefan
_eAutor
700 1 _aBień, Elżbieta
_eOpracowanie
710 2 _aInstytut Budownictwa, Mechanizacji i Elektryfikacji Rolnictwa
710 2 _aOddział w Poznaniu (Zakład Mechanizacji Produkcji w Budynkach Inwentarskich)
856 _uhttp://koha.tu.koszalin.pl/cgi-bin/koha/opac-detail.pl?biblionumber=54980
_yKatalog online BPK
942 _2UKD
_cKS
999 _c54980
_d54980